Statistiques concernant Devinez le parcours de ces joueurs de foot N°1

Cliquez ici pour prendre le quiz!

Statistiques générales

  • Ce quiz a été pris 4 611 fois
  • Le résultat moyen est 10 sur 12

Statistiques - réponses

Réponse% Correct
Ronaldo
99%
Mbappé
95%
Messi
95%
Kanté
90%
Griezmann
88%
Zlatan
88%
Lewandowski
84%
Mahrez
84%
Maradona
78%
Aubameyang
71%
Rodriguez
70%
Balotelli
68%

Distribution des résultats

Percentile par nombre de réponses

% des personnes avec chaque résultat

Votre développement - résultats

Vous n’avez pas pris ce quiz